000 00892am a2200301a 44500
003 AR-BaBNM
005 20251128210321.0
008 229119s1970 #AR|||||||||||000 | esp||
040 _cAR-BaBNM
100 1 _aAdams, Georgia Sachs
245 1 0 _aMedición y evaluación en Educación, Psicología y "Guidance"
260 _aBarcelona
_bHerder
_c1970
300 _a820 p.
_btablas, gráfs.
500 _aApéndices p. 721-806
500 _aContiene índice alfabético de materias p. 807-820
650 4 _aMEDICION
650 4 _aMETODOS DE EVALUACION
650 4 _aINSTRUMENTOS DE MEDICION
650 4 _aEVALUACION DEL ALUMNO
650 4 _aOBJETIVOS DE LA MEDICION
650 4 _aPRUEBAS DE RENDIMIENTO
650 4 _aPSICOLOGIA EXPERIMENTAL
650 4 _aPRUEBAS PSICOLOGICAS
650 4 _aPSICOMETRIA
653 _aEVALUACION EDUCATIVA
942 _cBK
998 _cRaquel
999 _c14928
_d14928